Untouchable Bodies, Resistance, and Liberation : A Comparative Theology of Divine Possessions /
In Untouchable Bodies, Resistance, and Liberation, Joshua Samuel constructs an embodied comparative theology of liberation by comparing divine possessions among Hindu and Christian Dalits in South India. Critiquing the problems inherent in prioritizing texts when studying religious traditions, Samue...
المؤلف الرئيسي:
التنسيق: كتاب الكتروني
اللغة: English
منشور في:
Leiden; Boston :
Brill | Rodopi,
2020.
سلاسل:
Currents of Encounter ;
61.
Religious Studies, Theology and Philosophy E-Books Online, Collection 2020, ISBN: 9789004419094.
الموضوعات:
الوصول للمادة أونلاين: Login to view Source
الوسوم: إضافة وسم
رقم الطلب: BR65
| LEADER | 02609nam a22004451i 4500 | ||
|---|---|---|---|
| 001 | BRILL9789004420052 | ||
| 003 | nllekb | ||
| 005 | 20210602100731.0 | ||
| 006 | m d | ||
| 007 | cr un uuuua | ||
| 008 | 200207s2020 ne sb 001 0 eng d | ||
| 020 | |a 9789004420052 |q (electronic book) | ||
| 020 | |a 9789004420038 |q (print) | ||
| 024 | 7 | |a 10.1163/9789004420052 |2 DOI | |
| 035 | |z (OCoLC)1122914096 | ||
| 040 | |a NL-LeKB |c NL-LeKB |e rda | ||
| 050 | 4 | |a BR65 | |
| 072 | 7 | |a HRAC |2 bicssc | |
| 072 | 7 | |a REL |x 017000 |2 bisacsh | |
| 082 | 0 | 4 | |a 230.14 |2 23 |
| 100 | 1 | |a Samuel, Joshua, |e author. | |
| 245 | 1 | 0 | |a Untouchable Bodies, Resistance, and Liberation : |b A Comparative Theology of Divine Possessions / |c Joshua Samuel. |
| 246 | 3 | |a A Comparative Theology of Divine Possessions | |
| 264 | 1 | |a Leiden; |a Boston : |b Brill | Rodopi, |c 2020. | |
| 300 | |a 1 online resource. | ||
| 336 | |a text |b txt |2 rdacontent | ||
| 337 | |a computer |b c |2 rdamedia | ||
| 338 | |a online resource |2 rdacarrier | ||
| 490 | 1 | |a Currents of Encounter ; |v 61 | |
| 490 | 1 | |a Religious Studies, Theology and Philosophy E-Books Online, Collection 2020, ISBN: 9789004419094 | |
| 520 | |a In Untouchable Bodies, Resistance, and Liberation, Joshua Samuel constructs an embodied comparative theology of liberation by comparing divine possessions among Hindu and Christian Dalits in South India. Critiquing the problems inherent in prioritizing texts when studying religious traditions, Samuel calls for the need to engage in body and people centered interreligious learning. This comparative theological reading of ecstatic experiences of the divine in Dalit bodies in Hinduism and Christianity brings out the powerful liberative potential inherent in the bodies of the oppressed, enabling us to identify alternative modes of resistance and new avenues of liberation among those who are dehumanized and discriminated, and to find deeper and meaningful ways of speaking about God in the context of oppression. | ||
| 588 | |a Description based on print version record. | ||
| 650 | 0 | |a Theology. | |
| 776 | 0 | 8 | |i Print version: |t Untouchable Bodies, Resistance, and Liberation: A Comparative Theology of Divine Possessions, |d Leiden Boston : Brill | Rodopi, 2020 |w 9789004420038 |
| 830 | 0 | |a Currents of Encounter ; |v 61. | |
| 830 | 0 | |a Religious Studies, Theology and Philosophy E-Books Online, Collection 2020, ISBN: 9789004419094. | |
| 856 | 4 | |z DOI: |u http://dx.doi.org/10.1163/9789004420052 | |
| 942 | |c EBOOK | ||
| 952 | |0 0 |1 0 |4 0 |7 1 |9 14285 |a BRILL |b BRILL |d 2021-06-02 |l 0 |r 2021-06-02 00:00:00 |w 2021-06-02 |y EBOOK | ||
| 999 | |c 35735 |d 35735 | ||
